| 000 | 00446nam a22001697a 4500 | ||
|---|---|---|---|
| 003 | NUST - PNEC | ||
| 005 | 20170116180850.0 | ||
| 008 | 150825b xxu||||| |||| 00| 0 eng d | ||
| 020 | _a3527404139 | ||
| 040 | _cLIBRARY | ||
| 082 | _a541.33 BUT | ||
| 100 |
_95653 _aButt, Hans-Jürgen |
||
| 245 |
_aPhysics and chemistry of interfaces _cHans-Jürgen Butt, |
||
| 260 | _cc2003. | ||
| 650 |
_95654 _aSurface chmistry _xME |
||
| 942 |
_2ddc _cBK |
||
| 999 |
_c64583 _d64583 |
||